| 000 | 00433cam a2200133u 4500 | ||
|---|---|---|---|
| 082 |
_a915 _bMUR |
||
| 100 | 1 |
_aMurray, A. M. _950149 |
|
| 245 | 0 | 0 | _aImperial outposts from a strategical and commercial aspect, |
| 260 |
_aNew York, _bE. P. Dutton and company, _c1907. |
||
| 300 |
_axxiv, 210 p. _b24 pl. (incl. ports.) maps (partly fold.) _c23 cm. |
||
| 526 |
_a0 _b0 _c0 _d915_000000000000000_MUR |
||
| 650 |
_amce _9379 |
||
| 942 |
_2ddc _cBK |
||
| 999 |
_c553228 _d553228 |
||